000 00613nam a2200169 4500
001 137543
003 ES-MaACL
005 20230906195408.0
007 t|
008 070214s1981 sp r ||||1| spa d
100 1 _aSánchez Carrilero, Javier.
_9102528
245 1 3 _aLa asistencia al detenido en el Derecho Positivo español
_b: conferencia /
_cJavier Sánchez Carrilero.
260 _aMadrid :
_bDirección General de lo Contencioso del Estado,
_c1981.
300 _a11 p. ;
_c23 cm.
710 2 _aEspaña.
_bDirección General de lo Contencioso del Estado.
_93750
852 _aES-MaACL
_j2133-F-17
_bR.106780
999 _c137543
_d137543